| 000 | 00755cab a2200253 4500 | ||
|---|---|---|---|
| 001 | WB3033-31 | ||
| 008 | 090401t1994 xxu||||| |||| 00| 0 eng d | ||
| 035 | _a(Sirsi) u41684 | ||
| 041 | _aeng | ||
| 245 | _aCash if farmers open land to public | ||
| 260 | _c1994 | ||
| 350 | _a0 | ||
| 490 |
_aDaily Telegraph _v9 September 1994, 13 |
||
| 490 |
_aMAFF News Release _v(333/94) 8 September 1994 (3) |
||
| 520 | _aThe Countryside Access Scheme has been launched, which pays farmers to open to the public set-aside land. | ||
| 650 | _aACCESS TO THE COUNTRYSIDE | ||
| 650 | _aCOUNTRYSIDE ACCESS SCHEME | ||
| 650 | _aPUBLIC ACCESS | ||
| 650 | _aSET-ASIDE | ||
| 650 | _aSUBSIDIES | ||
| 690 | _aRURAL PRACTICE | ||
| 942 | _n0 | ||
| 948 | _c04/03/1997 | ||
| 999 |
_c26755 _d26755 |
||